[Event "7th Arber Senior Cup"]
[Site "chess24.com"]
[Date "2019.08.04"]
[Round "9"]
[White "Berger, Siegfried"]
[Black "Schmid, Johann"]
[Result "1-0"]
[Board "26"]
[WhiteElo "1548"]
[WhiteCountry "GER"]
[WhiteFideId "12905828"]
[WhiteEloChange "17"]
[BlackElo "1842"]
[BlackCountry "GER"]
[BlackFideId "24643807"]
[BlackEloChange "-17"]

1. d4 {[%clk 2:10:57]} e6 {[%clk 2:10:49]} 2. Nf3 {[%clk 2:11:04]} f5 {[%clk
2:11:09]} 3. Bf4 {[%clk 2:10:09]} Nf6 {[%clk 2:11:11]} 4. h3 {[%clk 2:09:30]} d5
{[%clk 2:10:01]} 5. e3 {[%clk 2:09:20]} Bd6 {[%clk 2:06:23]} 6. Bxd6 {[%clk
2:07:50]} cxd6 {[%clk 2:06:29]} 7. Bb5+ {[%clk 2:03:44]} Bd7 {[%clk 2:06:25]} 8.
Bxd7+ {[%clk 2:02:06]} Qxd7 {[%clk 2:06:47]} 9. Nc3 {[%clk 2:01:13]} O-O {[%clk
2:05:52]} 10. Qe2 {[%clk 1:57:14]} a6 {[%clk 2:05:14]} 11. O-O {[%clk 1:55:26]}
Nc6 {[%clk 2:04:25]} 12. a3 {[%clk 1:51:57]} Rac8 {[%clk 2:02:18]} 13. Rac1
{[%clk 1:47:21]} Na5 {[%clk 1:59:37]} 14. Nb1 {[%clk 1:40:30]} Ne4 {[%clk
1:52:37]} 15. Nfd2 {[%clk 1:37:51]} Qc7 {[%clk 1:49:37]} 16. Nxe4 {[%clk
1:36:15]} fxe4 {[%clk 1:49:13]} 17. Nc3 {[%clk 1:31:40]} Nc4 {[%clk 1:48:13]} 18.
Rb1 {[%clk 1:31:10]} Nxa3 {[%clk 1:41:07]} 19. bxa3 {[%clk 1:26:39]} Qxc3 {[%clk
1:41:28]} 20. Rxb7 {[%clk 1:24:54]} Qxa3 {[%clk 1:40:39]} 21. Qg4 {[%clk
1:22:29]} Rf7 {[%clk 1:37:50]} 22. Qxe6 {[%clk 1:18:58]} Rf8 {[%clk 1:38:13]} 23.
Rfb1 {[%clk 1:18:13]} Qa5 {[%clk 1:37:17]} 24. Rxf7 {[%clk 1:16:24]} 1-0

[Event "7th Arber Senior Cup"]
[Site "chess24.com"]
[Date "2019.08.04"]
[Round "9"]
[White "Bauer, Werner"]
[Black "Moser, Andreas"]
[Result "1-0"]
[Board "28"]
[WhiteElo "1881"]
[WhiteTeam "SV WB Allianz Muenchen"]
[WhiteCountry "GER"]
[WhiteFideId "24698059"]
[WhiteEloChange "5"]
[BlackElo "1693"]
[BlackTeam "SC Pasing"]
[BlackCountry "GER"]
[BlackFideId "24627178"]
[BlackEloChange "-5"]

1. Nf3 {[%clk 2:10:30]} Nf6 {[%clk 2:10:30]} 2. c4 {[%clk 2:10:30]} g6 {[%clk
2:10:30]} 3. Nc3 {[%clk 2:10:30]} Bg7 {[%clk 2:10:30]} 4. e4 {[%clk 2:10:30]} d6
{[%clk 2:10:30]} 5. d4 {[%clk 2:10:30]} c6 {[%clk 2:10:30]} 6. Be2 {[%clk
2:10:30]} O-O {[%clk 2:10:30]} 7. O-O {[%clk 2:10:30]} Bg4 {[%clk 2:10:30]} 8.
Be3 {[%clk 2:10:30]} Nbd7 {[%clk 2:10:30]} 9. Nd2 {[%clk 2:10:30]} Bxe2 {[%clk
2:10:30]} 10. Qxe2 {[%clk 2:10:30]} e5 {[%clk 2:10:30]} 11. f4 {[%clk 2:10:30]}
Ne8 {[%clk 2:10:30]} 12. dxe5 {[%clk 2:10:30]} dxe5 {[%clk 2:10:30]} 13. f5
{[%clk 2:10:30]} Nc7 {[%clk 2:10:30]} 14. Rad1 {[%clk 2:10:30]} Qe7 {[%clk
2:10:30]} 15. Nb3 {[%clk 2:10:30]} b6 {[%clk 2:10:30]} 16. c5 {[%clk 2:10:30]}
Nxc5 {[%clk 2:10:30]} 17. Nxc5 {[%clk 2:10:30]} bxc5 {[%clk 2:10:30]} 18. Qf2
{[%clk 2:10:30]} Qf6 {[%clk 2:10:30]} 19. Bxc5 {[%clk 2:10:30]} Rfd8 {[%clk
2:10:30]} 20. Rxd8+ {[%clk 2:10:30]} Rxd8 {[%clk 2:10:30]} 21. Bxa7 {[%clk
2:10:30]} Nb5 {[%clk 2:10:30]} 22. Nxb5 {[%clk 2:10:30]} cxb5 {[%clk 2:10:30]}
23. fxg6 {[%clk 2:10:30]} Qxf2+ {[%clk 2:10:30]} 24. Bxf2 {[%clk 2:10:30]} hxg6
{[%clk 2:10:30]} 25. Be3 {[%clk 2:10:30]} Ra8 {[%clk 2:10:30]} 26. a3 {[%clk
2:10:30]} Ra4 {[%clk 2:10:30]} 27. Rd1 {[%clk 2:10:30]} Rxe4 {[%clk 2:10:30]} 28.
Kf2 {[%clk 2:10:30]} Rc4 {[%clk 2:10:30]} 29. Rc1 {[%clk 2:10:30]} Re4 {[%clk
2:10:30]} 30. Rc5 {[%clk 2:10:30]} b4 {[%clk 2:10:30]} 31. a4 {[%clk 2:10:30]} f5
{[%clk 2:10:30]} 32. Rc8+ {[%clk 2:10:30]} Kh7 {[%clk 2:10:30]} 33. a5 {[%clk
2:10:30]} f4 {[%clk 2:10:30]} 34. Bb6 {[%clk 2:10:30]} b3 {[%clk 2:10:30]} 35. a6
{[%clk 2:10:30]} Ra4 {[%clk 2:10:30]} 36. a7 {[%clk 2:10:30]} e4 {[%clk 2:10:30]}
37. a8Q {[%clk 2:10:30]} Rxa8 {[%clk 2:10:30]} 38. Rxa8 {[%clk 2:10:30]} Bxb2
{[%clk 2:10:30]} 39. Rb8 {[%clk 2:10:30]} Be5 {[%clk 2:10:30]} 40. Rb7+ {[%clk
2:10:30]} Kh6 {[%clk 2:10:30]} 41. Bc7 {[%clk 2:10:30]} Bd4+ {[%clk 2:10:30]} 42.
Ke2 {[%clk 2:10:30]} f3+ {[%clk 2:10:30]} 43. gxf3 {[%clk 2:10:30]} exf3+ {[%clk
2:10:30]} 44. Kxf3 {[%clk 2:10:30]} b2 {[%clk 2:10:30]} 45. Ke4 {[%clk 2:10:30]}
1-0

[Event "7th Arber Senior Cup"]
[Site "chess24.com"]
[Date "2019.08.04"]
[Round "9"]
[White "Gottwald, Helmut"]
[Black "Otto, Klaus"]
[Result "1/2-1/2"]
[Board "29"]
[WhiteElo "1579"]
[WhiteTeam "vereinslos"]
[WhiteCountry "GER"]
[WhiteFideId "24631264"]
[WhiteEloChange "4"]
[BlackElo "1725"]
[BlackTeam "SV Triebes"]
[BlackCountry "GER"]
[BlackFideId "4694562"]
[BlackEloChange "-4"]

1. Nf3 {[%clk 2:10:30]} Nf6 {[%clk 2:10:30]} 2. c4 {[%clk 2:10:30]} e6 {[%clk
2:10:30]} 3. Nc3 {[%clk 2:10:30]} Be7 {[%clk 2:10:30]} 4. d4 {[%clk 2:10:30]} d5
{[%clk 2:10:30]} 5. e3 {[%clk 2:10:30]} O-O {[%clk 2:10:30]} 6. Bd3 {[%clk
2:10:30]} c5 {[%clk 2:10:30]} 7. O-O {[%clk 2:10:30]} Nc6 {[%clk 2:10:30]} 8.
dxc5 {[%clk 2:10:30]} Bxc5 {[%clk 2:10:30]} 9. cxd5 {[%clk 2:10:30]} Nxd5 {[%clk
2:10:30]} 10. Nxd5 {[%clk 2:10:30]} Qxd5 {[%clk 2:10:30]} 11. a3 {[%clk 2:10:30]}
Rd8 {[%clk 2:10:30]} 12. Bc2 {[%clk 2:10:30]} Qxd1 {[%clk 2:10:30]} 13. Rxd1
{[%clk 2:10:30]} Rxd1+ {[%clk 2:10:30]} 14. Bxd1 {[%clk 2:10:30]} Bd7 {[%clk
2:10:30]} 15. b4 {[%clk 2:10:30]} Be7 {[%clk 2:10:30]} 16. Bb2 {[%clk 2:10:30]}
Rd8 {[%clk 2:10:30]} 17. Be2 {[%clk 2:10:30]} Be8 {[%clk 2:10:30]} 18. Rd1 {[%clk
2:10:30]} a6 {[%clk 2:10:30]} 19. Rxd8 {[%clk 2:10:30]} Bxd8 {[%clk 2:10:30]} 20.
b5 {[%clk 2:10:30]} axb5 {[%clk 2:10:30]} 21. Bxb5 {[%clk 2:10:30]} Kf8 {[%clk
2:10:30]} 22. Nd2 {[%clk 2:10:30]} 1/2-1/2

[Event "7th Arber Senior Cup"]
[Site "chess24.com"]
[Date "2019.08.04"]
[Round "9"]
[White "Trinkl, Andreas"]
[Black "Riess, Michael"]
[Result "1/2-1/2"]
[Board "30"]
[WhiteElo "1620"]
[WhiteTeam "SV Walldorf"]
[WhiteCountry "GER"]
[WhiteFideId "1270682"]
[WhiteEloChange "2"]
[BlackElo "1686"]
[BlackTeam "SC Ansbach"]
[BlackCountry "GER"]
[BlackFideId "16241770"]
[BlackEloChange "-2"]

1. Nf3 {[%clk 2:10:30]} d5 {[%clk 2:10:30]} 2. g3 {[%clk 2:10:30]} Nc6 {[%clk
2:10:30]} 3. d4 {[%clk 2:10:30]} Nf6 {[%clk 2:10:30]} 4. Bg2 {[%clk 2:10:30]} e6
{[%clk 2:10:30]} 5. O-O {[%clk 2:10:30]} Bd6 {[%clk 2:10:30]} 6. Nc3 {[%clk
2:10:30]} a6 {[%clk 2:10:30]} 7. Re1 {[%clk 2:10:30]} O-O {[%clk 2:10:30]} 8. Bg5
{[%clk 2:10:30]} h6 {[%clk 2:10:30]} 9. Bxf6 {[%clk 2:10:30]} Qxf6 {[%clk
2:10:30]} 10. e4 {[%clk 2:10:30]} dxe4 {[%clk 2:10:30]} 11. Nxe4 {[%clk 2:10:30]}
Qd8 {[%clk 2:10:30]} 12. c3 {[%clk 2:10:30]} Ne7 {[%clk 2:10:30]} 13. Qc2 {[%clk
2:10:30]} Ng6 {[%clk 2:10:30]} 14. Rad1 {[%clk 2:10:30]} c6 {[%clk 2:10:30]} 15.
h4 {[%clk 2:10:30]} Qc7 {[%clk 2:10:30]} 16. Re3 {[%clk 2:10:30]} Ne7 {[%clk
2:10:30]} 17. c4 {[%clk 2:10:30]} Ng6 {[%clk 2:10:30]} 18. h5 {[%clk 2:10:30]}
Nh8 {[%clk 2:10:30]} 19. Neg5 {[%clk 2:10:30]} hxg5 {[%clk 2:10:30]} 20. Nxg5
{[%clk 2:10:30]} f5 {[%clk 2:10:30]} 21. Nxe6 {[%clk 2:10:30]} Bxe6 {[%clk
2:10:30]} 22. Rxe6 {[%clk 2:10:30]} Rae8 {[%clk 2:10:30]} 23. Rxe8 {[%clk
2:10:30]} Rxe8 {[%clk 2:10:30]} 24. Qxf5 {[%clk 2:10:30]} Qf7 {[%clk 2:10:30]}
25. Qxf7+ {[%clk 2:10:30]} Nxf7 {[%clk 2:10:30]} 26. Kf1 {[%clk 2:10:30]} Nh6
{[%clk 2:10:30]} 27. c5 {[%clk 2:10:30]} Be7 {[%clk 2:10:30]} 28. b4 {[%clk
2:10:30]} Ng4 {[%clk 2:10:30]} 29. d5 {[%clk 2:10:30]} Rf8 {[%clk 2:10:30]} 30.
Rd2 {[%clk 2:10:30]} Ne3+ {[%clk 2:10:30]} 31. Kg1 {[%clk 2:10:30]} Nxg2 {[%clk
2:10:30]} 32. Kxg2 {[%clk 2:10:30]} cxd5 {[%clk 2:10:30]} 33. Rxd5 {[%clk
2:10:30]} Rd8 {[%clk 2:10:30]} 34. Rxd8+ {[%clk 2:10:30]} Bxd8 {[%clk 2:10:30]}
35. a4 {[%clk 2:10:30]} Be7 {[%clk 2:10:30]} 36. Kf3 {[%clk 2:10:30]} a5 {[%clk
2:10:30]} 37. bxa5 {[%clk 2:10:30]} Bxc5 {[%clk 2:10:30]} 38. g4 {[%clk 2:10:30]}
g5 {[%clk 2:10:30]} 39. hxg6 {[%clk 2:10:30]} Kg7 {[%clk 2:10:30]} 40. Kg3 {[%clk
2:10:30]} Bd6+ {[%clk 2:10:30]} 41. f4 {[%clk 2:10:30]} Kxg6 {[%clk 2:10:30]} 42.
Kf3 {[%clk 2:10:30]} Kf6 {[%clk 2:10:30]} 43. Ke4 {[%clk 2:10:30]} Bb4 {[%clk
2:10:30]} 44. Kd5 {[%clk 2:10:30]} 1/2-1/2

[Event "7th Arber Senior Cup"]
[Site "chess24.com"]
[Date "2019.08.04"]
[Round "9"]
[White "Barnowski, Roman"]
[Black "Sagner, Guenter"]
[Result "1-0"]
[Board "31"]
[WhiteElo "1459"]
[WhiteTeam "SW Nuernberg Sued"]
[WhiteCountry "GER"]
[WhiteFideId "16255240"]
[WhiteEloChange "16"]
[BlackElo "1696"]
[BlackTeam "SC Bayerwald"]
[BlackCountry "GER"]
[BlackFideId "12973629"]
[BlackEloChange "-16"]

1. Nf3 {[%clk 2:10:30]} d5 {[%clk 2:10:30]} 2. c4 {[%clk 2:10:30]} d4 {[%clk
2:10:30]} 3. e3 {[%clk 2:10:30]} c5 {[%clk 2:10:30]} 4. b4 {[%clk 2:10:30]} b6
{[%clk 2:10:30]} 5. Nxd4 {[%clk 2:10:30]} cxd4 {[%clk 2:10:30]} 6. Qf3 {[%clk
2:10:30]} Nc6 {[%clk 2:10:30]} 7. Qxc6+ {[%clk 2:10:30]} Bd7 {[%clk 2:10:30]} 8.
Qd5 {[%clk 2:10:30]} dxe3 {[%clk 2:10:30]} 9. dxe3 {[%clk 2:10:30]} e6 {[%clk
2:10:30]} 10. Qd2 {[%clk 2:10:30]} Nf6 {[%clk 2:10:30]} 11. Bd3 {[%clk 2:10:30]}
Bc6 {[%clk 2:10:30]} 12. f3 {[%clk 2:10:30]} Qc7 {[%clk 2:10:30]} 13. b5 {[%clk
2:10:30]} Bb7 {[%clk 2:10:30]} 14. Ba3 {[%clk 2:10:30]} Bxa3 {[%clk 2:10:30]} 15.
Nxa3 {[%clk 2:10:30]} Qc5 {[%clk 2:10:30]} 16. Nc2 {[%clk 2:10:30]} Rd8 {[%clk
2:10:30]} 17. Rd1 {[%clk 2:10:30]} e5 {[%clk 2:10:30]} 18. Qb4 {[%clk 2:10:30]}
Nd7 {[%clk 2:10:30]} 19. Bf5 {[%clk 2:10:30]} 1-0

[Event "7th Arber Senior Cup"]
[Site "chess24.com"]
[Date "2019.08.04"]
[Round "9"]
[White "Kurze, Volker"]
[Black "Redeker, Frank, Dr."]
[Result "1-0"]
[Board "32"]
[WhiteElo "1658"]
[WhiteTeam "SC RT Altstadt Muenchen"]
[WhiteCountry "GER"]
[WhiteFideId "24694584"]
[WhiteEloChange "11"]
[BlackElo "1677"]
[BlackTeam "SF Brand"]
[BlackCountry "GER"]
[BlackFideId "12986011"]
[BlackEloChange "-11"]

1. e4 {[%clk 2:10:30]} d6 {[%clk 2:10:30]} 2. d4 {[%clk 2:10:30]} Nf6 {[%clk
2:10:30]} 3. Nc3 {[%clk 2:10:30]} g6 {[%clk 2:10:30]} 4. Bg5 {[%clk 2:10:30]} Bg7
{[%clk 2:10:30]} 5. Qd2 {[%clk 2:10:30]} O-O {[%clk 2:10:30]} 6. O-O-O {[%clk
2:10:30]} Nc6 {[%clk 2:10:30]} 7. h4 {[%clk 2:10:30]} a6 {[%clk 2:10:30]} 8. f3
{[%clk 2:10:30]} b5 {[%clk 2:10:30]} 9. g4 {[%clk 2:10:30]} b4 {[%clk 2:10:30]}
10. Nce2 {[%clk 2:10:30]} e5 {[%clk 2:10:30]} 11. d5 {[%clk 2:10:30]} Ne7 {[%clk
2:10:30]} 12. Ng3 {[%clk 2:10:30]} h5 {[%clk 2:10:30]} 13. gxh5 {[%clk 2:10:30]}
gxh5 {[%clk 2:10:30]} 14. Bxf6 {[%clk 2:10:30]} Bxf6 {[%clk 2:10:30]} 15. Nxh5
{[%clk 2:10:30]} Ng6 {[%clk 2:10:30]} 16. Nxf6+ {[%clk 2:10:30]} Qxf6 {[%clk
2:10:30]} 17. h5 {[%clk 2:10:30]} Nf4 {[%clk 2:10:30]} 18. Ne2 {[%clk 2:10:30]}
Kh7 {[%clk 2:10:30]} 19. Qxb4 {[%clk 2:10:30]} a5 {[%clk 2:10:30]} 20. Qd2 {[%clk
2:10:30]} Rh8 {[%clk 2:10:30]} 21. Nxf4 {[%clk 2:10:30]} exf4 {[%clk 2:10:30]}
22. Qd4 {[%clk 2:10:30]} Kg7 {[%clk 2:10:30]} 23. Rg1+ {[%clk 2:10:30]} 1-0

[Event "7th Arber Senior Cup"]
[Site "chess24.com"]
[Date "2019.08.04"]
[Round "9"]
[White "Luebbers, Doris, Dr."]
[Black "Voeller, Lothar"]
[Result "1/2-1/2"]
[Board "33"]
[WhiteElo "1514"]
[WhiteTeam "SF Taunus"]
[WhiteCountry "GER"]
[WhiteFideId "24630080"]
[WhiteEloChange "4"]
[BlackElo "1666"]
[BlackTeam "FS Dortmund"]
[BlackCountry "GER"]
[BlackFideId "24616010"]
[BlackEloChange "-4"]

1. d4 {[%clk 2:10:30]} d5 {[%clk 2:10:30]} 2. Nf3 {[%clk 2:10:30]} Nf6 {[%clk
2:10:30]} 3. e3 {[%clk 2:10:30]} Bg4 {[%clk 2:10:30]} 4. Be2 {[%clk 2:10:30]} e6
{[%clk 2:10:30]} 5. Ne5 {[%clk 2:10:30]} Bxe2 {[%clk 2:10:30]} 6. Qxe2 {[%clk
2:10:30]} c5 {[%clk 2:10:30]} 7. b3 {[%clk 2:10:30]} Nbd7 {[%clk 2:10:30]} 8.
Nxd7 {[%clk 2:10:30]} Qxd7 {[%clk 2:10:30]} 9. Nd2 {[%clk 2:10:30]} b6 {[%clk
2:10:30]} 10. Bb2 {[%clk 2:10:30]} Be7 {[%clk 2:10:30]} 11. O-O {[%clk 2:10:30]}
O-O {[%clk 2:10:30]} 12. c4 {[%clk 2:10:30]} Rad8 {[%clk 2:10:30]} 13. cxd5
{[%clk 2:10:30]} Nxd5 {[%clk 2:10:30]} 14. Nf3 {[%clk 2:10:30]} cxd4 {[%clk
2:10:30]} 15. Bxd4 {[%clk 2:10:30]} Bf6 {[%clk 2:10:30]} 16. Bxf6 {[%clk
2:10:30]} Nxf6 {[%clk 2:10:30]} 17. Rfd1 {[%clk 2:10:30]} 1/2-1/2

[Event "7th Arber Senior Cup"]
[Site "chess24.com"]
[Date "2019.08.04"]
[Round "9"]
[White "Pisz, Bretislav"]
[Black "Braeu, Emmi"]
[Result "1-0"]
[Board "35"]
[WhiteElo "1599"]
[WhiteTeam "TSCHECHIEN"]
[WhiteCountry "CZE"]
[WhiteFideId "341398"]
[WhiteEloChange "7"]
[BlackElo "1477"]
[BlackTeam "SK Marktoberdorf"]
[BlackCountry "GER"]
[BlackFideId "24646946"]
[BlackEloChange "-7"]

1. c4 {[%clk 2:10:30]} c5 {[%clk 2:10:30]} 2. e4 {[%clk 2:10:30]} Nc6 {[%clk
2:10:30]} 3. Nc3 {[%clk 2:10:30]} g6 {[%clk 2:10:30]} 4. f4 {[%clk 2:10:30]} Bg7
{[%clk 2:10:30]} 5. Nf3 {[%clk 2:10:30]} e5 {[%clk 2:10:30]} 6. d3 {[%clk
2:10:30]} Nge7 {[%clk 2:10:30]} 7. Be2 {[%clk 2:10:30]} O-O {[%clk 2:10:30]} 8.
O-O {[%clk 2:10:30]} d6 {[%clk 2:10:30]} 9. Rb1 {[%clk 2:10:30]} f5 {[%clk
2:10:30]} 10. fxe5 {[%clk 2:10:30]} dxe5 {[%clk 2:10:30]} 11. Bg5 {[%clk
2:10:30]} h6 {[%clk 2:10:30]} 12. Be3 {[%clk 2:10:30]} Nd4 {[%clk 2:10:30]} 13.
Nd5 {[%clk 2:10:30]} Nxe2+ {[%clk 2:10:30]} 14. Qxe2 {[%clk 2:10:30]} b6 {[%clk
2:10:30]} 15. b4 {[%clk 2:10:30]} f4 {[%clk 2:10:30]} 16. Bf2 {[%clk 2:10:30]}
cxb4 {[%clk 2:10:30]} 17. Rxb4 {[%clk 2:10:30]} Nc6 {[%clk 2:10:30]} 18. Rbb1
{[%clk 2:10:30]} Bg4 {[%clk 2:10:30]} 19. c5 {[%clk 2:10:30]} Nd4 {[%clk
2:10:30]} 20. Bxd4 {[%clk 2:10:30]} exd4 {[%clk 2:10:30]} 21. cxb6 {[%clk
2:10:30]} axb6 {[%clk 2:10:30]} 22. Rxb6 {[%clk 2:10:30]} Bxf3 {[%clk 2:10:30]}
23. Rxf3 {[%clk 2:10:30]} Rc8 {[%clk 2:10:30]} 24. Rxg6 {[%clk 2:10:30]} Rc1+
{[%clk 2:10:30]} 25. Rf1 {[%clk 2:10:30]} Rxf1+ {[%clk 2:10:30]} 26. Qxf1 {[%clk
2:10:30]} Kh7 {[%clk 2:10:30]} 27. Rg4 {[%clk 2:10:30]} Qa5 {[%clk 2:10:30]} 28.
Qf2 {[%clk 2:10:30]} Rc8 {[%clk 2:10:30]} 29. h4 {[%clk 2:10:30]} Rc1+ {[%clk
2:10:30]} 30. Kh2 {[%clk 2:10:30]} Qa4 {[%clk 2:10:30]} 31. Qxf4 {[%clk 2:10:30]}
Qd1 {[%clk 2:10:30]} 32. Rxg7+ {[%clk 2:10:30]} Kxg7 {[%clk 2:10:30]} 33. Qf6+
{[%clk 2:10:30]} Kh7 {[%clk 2:10:30]} 34. Qe7+ {[%clk 2:10:30]} Kh8 {[%clk
2:10:30]} 35. Qe5+ {[%clk 2:10:30]} Kh7 {[%clk 2:10:30]} 36. Nf6+ {[%clk
2:10:30]} Kg6 {[%clk 2:10:30]} 37. Qf5+ {[%clk 2:10:30]} Kg7 {[%clk 2:10:30]} 38.
Nh5+ {[%clk 2:10:30]} Kh8 {[%clk 2:10:30]} 1-0

[Event "7th Arber Senior Cup"]
[Site "chess24.com"]
[Date "2019.08.04"]
[Round "9"]
[White "Gross-Winter, Guenter"]
[Black "Warnecke, Jens"]
[Result "1/2-1/2"]
[Board "36"]
[WhiteElo "1664"]
[WhiteTeam "SC Ansbach"]
[WhiteCountry "GER"]
[WhiteFideId "16222750"]
[WhiteEloChange "-4"]
[BlackElo "1530"]
[BlackTeam "SC Weilerbach"]
[BlackCountry "GER"]
[BlackFideId "16273389"]
[BlackEloChange "4"]

1. d4 {[%clk 2:10:30]} Nf6 {[%clk 2:10:30]} 2. Nf3 {[%clk 2:10:30]} d6 {[%clk
2:10:30]} 3. c4 {[%clk 2:10:30]} g6 {[%clk 2:10:30]} 4. Nc3 {[%clk 2:10:30]} Bg7
{[%clk 2:10:30]} 5. e4 {[%clk 2:10:30]} Nbd7 {[%clk 2:10:30]} 6. Be2 {[%clk
2:10:30]} O-O {[%clk 2:10:30]} 7. O-O {[%clk 2:10:30]} c6 {[%clk 2:10:30]} 8. h3
{[%clk 2:10:30]} e5 {[%clk 2:10:30]} 9. d5 {[%clk 2:10:30]} Qc7 {[%clk 2:10:30]}
10. b4 {[%clk 2:10:30]} a6 {[%clk 2:10:30]} 11. dxc6 {[%clk 2:10:30]} bxc6 {[%clk
2:10:30]} 12. Qd3 {[%clk 2:10:30]} Rd8 {[%clk 2:10:30]} 13. Be3 {[%clk 2:10:30]}
Bb7 {[%clk 2:10:30]} 14. Rfc1 {[%clk 2:10:30]} c5 {[%clk 2:10:30]} 15. Rab1
{[%clk 2:10:30]} cxb4 {[%clk 2:10:30]} 16. Nd5 {[%clk 2:10:30]} Qa5 {[%clk
2:10:30]} 17. Nd2 {[%clk 2:10:30]} Bxd5 {[%clk 2:10:30]} 18. cxd5 {[%clk
2:10:30]} Rac8 {[%clk 2:10:30]} 19. Nc4 {[%clk 2:10:30]} Qc7 {[%clk 2:10:30]} 20.
Rxb4 {[%clk 2:10:30]} Nc5 {[%clk 2:10:30]} 21. Bxc5 {[%clk 2:10:30]} Qxc5 {[%clk
2:10:30]} 22. Rcb1 {[%clk 2:10:30]} Qd4 {[%clk 2:10:30]} 23. Qxd4 {[%clk
2:10:30]} exd4 {[%clk 2:10:30]} 24. f3 {[%clk 2:10:30]} Nh5 {[%clk 2:10:30]} 25.
Kf2 {[%clk 2:10:30]} Bh6 {[%clk 2:10:30]} 26. Bf1 {[%clk 2:10:30]} Bf4 {[%clk
2:10:30]} 27. Ke1 {[%clk 2:10:30]} Rc5 {[%clk 2:10:30]} 28. Rb8 {[%clk 2:10:30]}
Rf8 {[%clk 2:10:30]} 29. Rxf8+ {[%clk 2:10:30]} Kxf8 {[%clk 2:10:30]} 30. Rb6
{[%clk 2:10:30]} Ng3 {[%clk 2:10:30]} 31. Bd3 {[%clk 2:10:30]} f5 {[%clk
2:10:30]} 32. Kd1 {[%clk 2:10:30]} fxe4 {[%clk 2:10:30]} 33. Rb8+ {[%clk
2:10:30]} Kg7 {[%clk 2:10:30]} 34. Rb7+ {[%clk 2:10:30]} Kh6 {[%clk 2:10:30]} 35.
fxe4 {[%clk 2:10:30]} Nxe4 {[%clk 2:10:30]} 36. Bxe4 {[%clk 2:10:30]} Rxc4 {[%clk
2:10:30]} 37. Rb6 {[%clk 2:10:30]} a5 {[%clk 2:10:30]} 38. Rc6 {[%clk 2:10:30]}
Ra4 {[%clk 2:10:30]} 39. Rc2 {[%clk 2:10:30]} Ra3 {[%clk 2:10:30]} 40. Bf3 {[%clk
2:10:30]} Kg5 {[%clk 2:10:30]} 41. Rb2 {[%clk 2:10:30]} d3 {[%clk 2:10:30]} 42.
Rb3 {[%clk 2:10:30]} Rxa2 {[%clk 2:10:30]} 43. Rxd3 {[%clk 2:10:30]} a4 {[%clk
2:10:30]} 44. Be4 {[%clk 2:10:30]} a3 {[%clk 2:10:30]} 45. Bf3 {[%clk 2:10:30]}
Be5 {[%clk 2:10:30]} 46. Be4 {[%clk 2:10:30]} Ra1+ {[%clk 2:10:30]} 47. Kc2
{[%clk 2:10:30]} Bb2 {[%clk 2:10:30]} 48. Kb3 {[%clk 2:10:30]} Re1 {[%clk
2:10:30]} 49. Bf3 {[%clk 2:10:30]} Rf1 {[%clk 2:10:30]} 50. Ka2 {[%clk 2:10:30]}
Rf2 {[%clk 2:10:30]} 51. Kb1 {[%clk 2:10:30]} Kf4 {[%clk 2:10:30]} 52. Ka2 {[%clk
2:10:30]} h5 {[%clk 2:10:30]} 53. Rb3 {[%clk 2:10:30]} g5 {[%clk 2:10:30]} 54.
Rb4+ {[%clk 2:10:30]} Kg3 {[%clk 2:10:30]} 55. Rc4 {[%clk 2:10:30]} h4 {[%clk
2:10:30]} 56. Rg4+ {[%clk 2:10:30]} Kh2 {[%clk 2:10:30]} 57. Ra4 {[%clk 2:10:30]}
Rd2 {[%clk 2:10:30]} 58. Kb1 {[%clk 2:10:30]} Rf2 {[%clk 2:10:30]} 59. Ka2 {[%clk
2:10:30]} 1/2-1/2